Поперечные дислокации активных окраин континентов Тихоокеанского рудного пояса. Кн. 4: Феномен Хаилинского землетрясения 1991 г. на юго-западе Корякского нагорья (Запись № 11467156)

Подробности
000 -МАРКЕР
контрольное поле 03377nam2a2200373 i 4500
001 - ИДЕНТИФИКАТОР ЗАПИСИ
контрольное поле RU\NLR\BIBL_A\011393849
005 - ИДЕНТИФИКАТОР ВЕРСИИ
контрольное поле 20241103111401.0
010 ## - МЕЖДУНАРОДНЫЙ СТАНДАРТНЫЙ НОМЕР КНИГИ (ISBN)
Номер (ISBN) 9785902424260
010 ## - МЕЖДУНАРОДНЫЙ СТАНДАРТНЫЙ НОМЕР КНИГИ (ISBN)
Номер (ISBN) 978-5-7968-0593-0
Тираж 500
021 ## - НОМЕР ГОСУДАРСТВЕННОЙ РЕГИСТРАЦИИ
Код страны Российская Федерация
Номер 2017-31486
Номер Листа государственной регистраци 2321
035 ## - ДРУГИЕ СИСТЕМНЫЕ НОМЕРА
Идентификатор записи (RuMoRGB)008871679
035 ## - ДРУГИЕ СИСТЕМНЫЕ НОМЕРА
Идентификатор записи (NLR Aleph) 011393849
100 ## - ДАННЫЕ ОБЩЕЙ ОБРАБОТКИ
Данные общей обработки 20170525d2016 km y0rusy50 ca
101 0# - ЯЗЫК РЕСУРСА
Язык текста, звукозаписи и т.д. русский
Язык резюме английский
102 ## - СТРАНА ПУБЛИКАЦИИ ИЛИ ПРОИЗВОДСТВА
Страна публикации Российская Федерация
105 ## - ПОЛЕ КОДИРОВАННЫХ ДАННЫХ: ТЕКСТОВЫЕ МАТЕРИАЛЫ, МОНОГРАФИЧЕСКИЕ
Кодированные данные о монографическом текстовом документе ab||z|||000zy
200 1# - ЗАГЛАВИЕ И СВЕДЕНИЯ ОБ ОТВЕТСТВЕННОСТИ
Основное заглавие Феномен Хаилинского землетрясения 1991 г. на юго-западе Корякского нагорья
Параллельное заглавие The phenomen of the 1991 Khailinsy earthquake in the south-west of the Koryak Upland
Язык параллельного заглавия английский
210 ## - ПУБЛИКАЦИЯ, РАСПРОСТРАНЕНИЕ И ДР.
Дата издания, распространения и т.д. 2016
215 ## - ФИЗИЧЕСКАЯ ХАРАКТЕРИСТИКА
Специфическое обозначение материала и объем 177 с.
Другие сведения о физической характеристике цв. ил., карт.
300 ## - ОБЩИЕ ПРИМЕЧАНИЯ
Текст примечания Общ. загл. в кн. отсутствует. В вып. дан.: Продолжение монографий авт. "Поперечные дислокации активных окраин континентов Тихоокеанского рудного пояса", кн. 1, 2007. "Поперечные дислокации активных окраин континентов Тихоокеанскогорудного пояса: геофизические исследования", кн. 2 и 3 в одном переплете, 2014
300 ## - ОБЩИЕ ПРИМЕЧАНИЯ
Текст примечания Авт. также на англ. яз.: Georgiy P.Yarotsky
300 ## - ОБЩИЕ ПРИМЕЧАНИЯ
Текст примечания Рез. на англ. яз.
320 ## - ПРИМЕЧАНИЯ О НАЛИЧИИ В ДОКУМЕНТЕ БИБЛИОГРАФИИ / УКАЗАТЕЛЯ
Текст примечания Библиогр.: с. 165-173 (16 назв.)
461 #0 - УРОВЕНЬ НАБОРА
Встроенное поле 001RU\NLR\BIBL_A\011103310
-- 2001#$aПоперечные дислокации активных окраин континентов Тихоокеанского рудного пояса$dTransverse dislocations of active continental margins Pacific ore belt$eгеофизические исследования$e(Корякия - Камчатка - Сахалин - Япония)$eмонография$e(в 2 кн.)$fГ.П. Яроцкий$gРос. акад. наук, Дальневост. отд-ние, Секция геол.-минерал., геофиз. и гор. наук, Ин-т вулканологии и сейсмологии ДВО РАН, Лаб. геоэкологии [и др.]$zeng$vКн. 4
-- 700#1$aЯроцкий$bГ. П.$gГеоргий Павлович$f1935-$3RU\NLR\AUTH\770157445
Системный номер (АБИС) связанной записи 11432288
Автор Яроцкий, Г. П. (1935-)
Место публикации Петропавловск-Камчатский
Дата публикации 2014
Первые сведения об ответственности Г.П. Яроцкий
Параллельное заглавие Transverse dislocations of active continental margins Pacific ore belt
Имя издателя, распространителя и т.д. Камчатский государственный университет
Сведения, относящиеся к заглавию геофизические исследования : (Корякия - Камчатка - Сахалин - Япония) : монография : (в 2 кн.)
Заглавие Поперечные дислокации активных окраин континентов Тихоокеанского рудного пояса
Номер тома Кн. 4
510 1# - ПАРАЛЛЕЛЬНОЕ ЗАГЛАВИЕ
Связь между полями z22790
Параллельное заглавие The phenomen of the 1991 Khailinsy earthquake in the south-west of the Koryak Upland
Язык заглавия английский
606 ## - НАИМЕНОВАНИЕ ТЕМЫ КАК ПРЕДМЕТ
Наименование темы Хаилинское землетрясение
Системный номер авторитетной/нормативной записи 2328974
Идентификатор авторитетной/нормативной записи RU\NLR\AUTH\6601617167
686 1# - ИНДЕКСЫ ДРУГИХ КЛАССИФИКАЦИЙ
Индекс Д217.9(2Р55)
790 #1 - ИМЯ ЛИЦА - АЛЬТЕРНАТИВНАЯ ФОРМА
Графика поля Латинская
Материалы, к которым относится поле rus
Начальный элемент ввода Jarockij
Часть имени, кроме начального элемента ввода G. P.
Даты 1935-
Расширение инициалов личного имени Georgij Pavlovič
Системный номер авторитетной/нормативной записи 157410
Идентификатор авторитетной/нормативной записи RU\NLR\AUTH\770157450
852 ## - МЕСТОНАХОЖДЕНИЕ И ШИФР ХРАНЕНИЯ
Идентификатор организации NLR
Шифр хранения (Call Number) 2015-8/4023
942 ## - ДОПОЛНИТЕЛЬНЫЕ ЭЛЕМЕНТЫ ЗАПИСИ (АБИС)
Тип экземпляра АБИС Книга
980 ## - КОЛЛЕКЦИЯ
Название коллекции НБР

Нет доступных экземпляров.